000 00473nam a22001817a 4500
003 MPLRDC
005 20220104185700.0
008 210129b ||||| |||| 00| 0 eng d
020 _a1-572308-70-2
082 _a417.5 JEN
100 _aPETER S. JENSEN
245 _aMAKING THE SYSTEM WORK FOR YOUR CHILD WITH ADHD
_c
250 _aFIRST
260 _aUSA
_bTHE GUILFORD PRESS
_c2004
300 _b
650 _aATTENTION DEFICIT DISORDER
942 _cBK
_o417.5 JEN
999 _c63435
_d63425